Music Quiz

Random Music or Song Quiz

Ladies in Lyrics Quiz Stats

Quiz not verified by Sporcle

Challenge
Share
Tweet
Embed
Score 0/10 Timer 06:00
0 Plays Today
Lyric Song title % Correct
She's just a girl who claims that I am the oneBillie Jean
88%
Good times never seemed so goodSweet Caroline
64%
You're breaking my heart, you're shaking my confidence dailyCecilia
45.3%
sont les mots qui vont tres bien ensembleMichelle
41.3%
well you came and you gave without takingMandy
40%
Meet you all the wayRosanna
36%
she reminds me of westside storyMaria Maria
30.7%
I know this world is killing youAlison
18.7%
I think they've got the alias you've been living underGloria
13.3%
Her dog day's just begunJanie's got a gun
5.3%

You're not logged in!

Compare scores with friends on all Sporcle quizzes.
Join for Free
OR
Log In

You Might Also Like...

Show Comments

Extras

Top Quizzes Today


Score Distribution

Your Account Isn't Verified!

In order to create a playlist on Sporcle, you need to verify the email address you used during registration. Go to your Sporcle Settings to finish the process.

Report this User

Report this user for behavior that violates our Community Guidelines.

Details: